Finding the big bang / (Record no. 8566)

MARC details
000 -LEADER
fixed length control field 01524cam a2200361 a 4500
001 - CONTROL NUMBER
control field 15523924
003 - CONTROL NUMBER IDENTIFIER
control field OSt
005 - DATE AND TIME OF LATEST TRANSACTION
control field 20240617153002.0
008 - FIXED-LENGTH DATA ELEMENTS--GENERAL INFORMATION
fixed length control field 081117s2009 enka j b 001 0 eng
010 ## - LIBRARY OF CONGRESS CONTROL NUMBER
LC control number 2008049448
020 ## - INTERNATIONAL STANDARD BOOK NUMBER
International Standard Book Number 9780521519823
020 ## - INTERNATIONAL STANDARD BOOK NUMBER
International Standard Book Number 0521519829
035 ## - SYSTEM CONTROL NUMBER
System control number (OCoLC)ocn273824406
040 ## - CATALOGING SOURCE
Original cataloging agency MUST LIB
Transcribing agency MUST
Modifying agency MUST
050 00 - LIBRARY OF CONGRESS CALL NUMBER
Classification number QB991.C64
Item number P44 2009
082 00 - DEWEY DECIMAL CLASSIFICATION NUMBER
Classification number 523.1
Edition number 22
Item number PEE
100 1# - MAIN ENTRY--PERSONAL NAME
Personal name Peebles, P. J. E.
Fuller form of name (Phillip James Edwin)
9 (RLIN) 17376
245 10 - TITLE STATEMENT
Title Finding the big bang /
Statement of responsibility, etc. P. James E. Peebles, Lyman A. Page, Jr., and R. Bruce Partridge.
260 ## - PUBLICATION, DISTRIBUTION, ETC. (IMPRINT)
Place of publication, distribution, etc. Cambridge ;
-- New York :
Name of publisher, distributor, etc. Cambridge University Press,
Date of publication, distribution, etc. 2009.
300 ## - PHYSICAL DESCRIPTION
Extent xvi, 571 p. :
Other physical details ill. (some col.) ;
Dimensions 26 cm.
504 ## - BIBLIOGRAPHY, ETC. NOTE
Bibliography, etc Includes bibliographical references (p. 531-560) and index.
650 #0 - SUBJECT ADDED ENTRY--TOPICAL TERM
Topical term or geographic name as entry element Cosmic background radiation.
9 (RLIN) 17377
650 #0 - SUBJECT ADDED ENTRY--TOPICAL TERM
Topical term or geographic name as entry element Big bang theory.
9 (RLIN) 8148
650 #0 - SUBJECT ADDED ENTRY--TOPICAL TERM
Topical term or geographic name as entry element Cosmology.
9 (RLIN) 3606
700 1# - ADDED ENTRY--PERSONAL NAME
Personal name Page, Lyman A.
9 (RLIN) 17378
700 1# - ADDED ENTRY--PERSONAL NAME
Personal name Partridge, R. B.
9 (RLIN) 17379
856 41 - ELECTRONIC LOCATION AND ACCESS
Materials specified Table of contents only
Uniform Resource Identifier http://www.loc.gov/catdir/enhancements/fy1001/2008049448-t.html
856 42 - ELECTRONIC LOCATION AND ACCESS
Materials specified Publisher description
Uniform Resource Identifier http://www.loc.gov/catdir/enhancements/fy1001/2008049448-d.html
856 42 - ELECTRONIC LOCATION AND ACCESS
Materials specified Contributor biographical information
Uniform Resource Identifier http://www.loc.gov/catdir/enhancements/fy1001/2008049448-b.html
906 ## - LOCAL DATA ELEMENT F, LDF (RLIN)
a 7
b cbc
c orignew
d 1
e ecip
f 20
g y-gencatlg
942 ## - ADDED ENTRY ELEMENTS (KOHA)
Source of classification or shelving scheme Dewey Decimal Classification
Koha item type Open Shelf
Holdings
Withdrawn status Lost status Source of classification or shelving scheme Damaged status Not for loan Home library Current library Date acquired Source of acquisition Inventory number Total Checkouts Full call number Barcode Date last seen Price effective from Koha item type
    Dewey Decimal Classification     MUST Main Library MUST Main Library 17/06/2024 Donation 11/33161   523.1 PEE 2024-20690 17/06/2024 17/06/2024 Open Shelf